Judicial review of local planning authority decisions: taking stock. (Record no. 60825)

MARC details
000 -LEADER
fixed length control field 00694cam a2200181 4500
001 - CONTROL NUMBER
control field ABS61135
008 - FIXED-LENGTH DATA ELEMENTS--GENERAL INFORMATION
fixed length control field 000000n1999 000 0 eng u
035 ## - SYSTEM CONTROL NUMBER
System control number (Sirsi) u101700
100 ## - MAIN ENTRY--PERSONAL NAME
Personal name Scrase, T.
245 ## - TITLE STATEMENT
Title Judicial review of local planning authority decisions: taking stock.
260 ## - PUBLICATION, DISTRIBUTION, ETC.
Date of publication, distribution, etc. 1999
490 ## - SERIES STATEMENT
Series statement Journal of Planning and Environment Law
Volume/sequential designation August 1999, 679-690(12)
520 ## - SUMMARY, ETC.
Summary, etc. Considers recent local planning authority decisions concerning listed buildings, planning officers' reports and members' decisions which have been subject to judicial review.
650 ## - SUBJECT ADDED ENTRY--TOPICAL TERM
Topical term or geographic name entry element LOCAL AUTHORITIES
650 ## - SUBJECT ADDED ENTRY--TOPICAL TERM
Topical term or geographic name entry element LISTED BUILDINGS
690 ## - LOCAL SUBJECT ADDED ENTRY--TOPICAL TERM (OCLC, RLIN)
Topical term or geographic name as entry element PLANNING LAW AND PRACTICE
942 ## - ADDED ENTRY ELEMENTS (KOHA)
Suppress in OPAC 0
Holdings
Withdrawn status Lost status Source of classification or shelving scheme Damaged status Not for loan Home library Current library Shelving location Date acquired Total Checkouts Full call number Barcode Date last seen Copy number Price effective from Koha item type
    Dewey Decimal Classification     London London Journal article 09/11/1999   ABS61135 101700-1001 06/08/2019 1 06/08/2019 Journal article